| 000 | 00882nam a2200229Ia 4500 | ||
|---|---|---|---|
| 001 | 18581 | ||
| 003 | GE_BSU | ||
| 008 | 181216s||||||||xx |||||||||||||| ||und|| | ||
| 040 | _cGE_BSU | ||
| 080 | _a512(042.4) | ||
| 100 | _aყარალაშვილი,ლიანა | ||
| 245 | _aწრფივი ალგებრა:სალექციო კურსი | ||
| 260 | _aთბილისი | ||
| 260 | _bსაქართველოს უნ-ტის გამ-ბა | ||
| 260 | _c2015 | ||
| 300 | _a180გვ;27სმ. | ||
| 653 | _aალგებრა | ||
| 653 | _aმათემატიკა | ||
| 653 | _aწრფივ განტოლებათა სისტემები,მატრიცული ჩაწერა, | ||
| 653 | _aწრფივი ალგებრა:სალექციო კურსი | ||
| 942 | _cBK | ||
| 999 |
_c51590 _d51590 |
||